000 00434nam a22001457a 4500
999 _c144693
_d144693
082 _aM 494.812 09
_bKUN/K
100 _aKunjan Pillai Ilamkulam
245 _aKeralabhashayude Vikaasaparinaamangal Part 1/
_cby Kunjan Pillai Ilamkulam
260 _aKottayam:
_bSahitya Pravarthaka Cooperative,
_c1997.
300 _a208p.
650 _aLanguage Malayalam History
650 _aLanguage Malayalam
650 _aLanguage
942 _cBK